01410fam a2200313 a 4500001000800000005001700008008004100025010001700066020001500083035002000098035002300118035001700141040001300158043001200171082002100183100005100204110003300255245008300288250001100371260005600382300004600438504004400484505042100528650002200949650003100971650003601002700002501038710003301063164279320220326193311.0941019s1994 cr a b 000 0 spa  a 94220545  a996897630X a(OCoLC)31780746 a(OCoLC)ocm31780746 a(NNC)1642793 aDLCcDLC anccr---00a759.972.86bZ12o1 aZavaleta O., Eugeniaq(Zavaleta Ochoa),d1964- aMuseo de Arte Costarricense.14aLos inicios del arte abstracto en Costa Rica, 1958-1971 /cEugenia Zavaleta O. a1. ed. a[San José] :bMuseo de Arte Costarricense,c1994. axii, 211 p. :bill. (some col.) ;c28 cm. a"Bibliografía y fuentes": p. 175-200. tPresentacion rRocio Fernandez tPrologo rIvan Molina tIntroduccion rEugenia Zavaleta tCapitulo 1: Gestion del arte abstracto en Costa Rica tCapitulo 2: Entre la Abstraccion geometrica y el expresionismo abstracto. tCapitulo 3: Las exposiciones de 1958 y el grupo 8tCapitulo 4: El estado promotor del arte abstracto tCapitulo 5: el arte abstracto y el mediotConclusion tBibliografia tLista de fotografias  0aArt, Costa Rican. 0aArt, AbstractzCosta Rica. 0aArt, Costa Ricany20th century. aZavaleta O., Eugenia2 aMuseo de Arte Costarricense.